| 000 | 00536nam a2200193Ia 4500 | ||
|---|---|---|---|
| 001 | 8580 | ||
| 003 | GE_BSU | ||
| 008 | 181216s||||||||xx |||||||||||||| ||und|| | ||
| 040 | _cGE_BSU | ||
| 245 | _aНеврологический журнал, №5 том 18 2013. | ||
| 245 | _bJournal of Neorology. | ||
| 245 | _cгл. ред.Н.Н. ЯХНО и др. | ||
| 260 | _aМосква | ||
| 260 | _bМедицина | ||
| 260 | _c2013 | ||
| 300 | _a56стр.29см. | ||
| 653 | _aНеврологический журнал | ||
| 942 | _cCR | ||
| 999 |
_c41896 _d41896 |
||